000 00542nam a2200193Ia 4500
005 20250508152810.0
008 008 250505s9999 xx 000 0 eng d
037 _aBooks to be hide in OPAC
040 _aFEDL
_beng
_cFEDL
041 _aeng
_2eng
084 _a420.9, BAU/O
_qFEDL
100 _aBaugh Albert C
245 0 _aHistory of the english language
250 _a2nd
260 _aLondon, UK
_bRoutledge and Kegan Paul Ltd
_c1957
300 _axiii,506p.
942 _cHB
_h420.9, BAU/O
999 _c1338830
_d1338830